Az egészség és a divat kapcsolata

Elmentve itt :
Bibliográfiai részletek
Szerző: Kriván Flóra
További közreműködők: Majláthné Lippai Éva (Témavezető)
Dokumentumtípus: Szakdolgozat
Megjelent: 2017
Tárgyszavak:
Online Access:http://diploma.bibl.u-szeged.hu/85265
LEADER 00702nta a2200193 i 4500
001 dipl85265
005 20200514122847.0
008 200514s2017 hu om 0|| hun d
040 |a SZTE Diploma Repozitórium  |b hun 
041 |a hun 
100 1 |a Kriván Flóra 
245 1 3 |a Az egészség és a divat kapcsolata  |h [elektronikus dokumentum] /  |c Flóra Kriván 
246 1 0 |a The connection between fashion and health  |h [elektronikus dokumentum] 
260 |c 2017 
650 4 |a Jogi és igazgatási tanulmányok 
650 4 |a Psychology 
650 4 |a Behavioural sciences 
700 2 |a Majláthné Lippai Éva  |e ths 
856 4 0 |u http://diploma.bibl.u-szeged.hu/id/eprint/85265/1/2017_krivan_flora.pdf  |z Dokumentum-elérés